Responses for Show #1677 - Tuesday, December 10, 1991

Contestants

[<< previous game]

Glenn Gillis, a film student from San Antonio, Texas

Mira Rabin, an attorney from Philadelphia, Pennsylvania

Linda Yonick, a pharmacist from Pittsburgh, Pennsylvania (whose 1-day cash winnings total $1,799)

[next game >>]

Jeopardy! Round responses

MYTHICAL CREATURES
THE RODEO
SHOES
U.S. ARMY
HERBS & SPICES
LAST WORDS
    $100 4
a dragon

Glenn
    $100 22
Spanish

Glenn
    $100 1
toe shoes

Mira
    $100 17
the Green Berets

Linda
    $100 2
paprika

Mira
    $100 11
Humphrey Bogart

Mira
    $200 5
the unicorn

Glenn
    $200 23
milking

Linda
    $200 27
Mary Janes

Mira
    $200 18
ROTC (the Reserve Officers' Training Corps)

Glenn
    $200 3
catnip

Glenn
    $200 12
Bing Crosby

Glenn
    $300 6
a cyclops

Glenn
    $300 24
barrels

Glenn
    $300 28
(Alex: Oh, you're gonna love this one. "What is [*]?" Okay, two points for humor.)

a Cuban heel

Triple Stumper
    $300 19
a platoon

Linda
    $300 8
nutmeg

Linda
    $300 13
Charles Darwin

Linda
    $400 7
the Sun

Mira
    $400 25
bulls

Glenn
    $600 29
Imelda Marcos

Mira
    $400 20
country

Glenn
    $400 9
oregano

Mira
    $400 14
Ulysses S. Grant

Triple Stumper
    $500 16
the roc

Glenn
    $500 26
3

Glenn
    $500 30
high button shoes

Triple Stumper
    $500 21
(Mira: Who is Eisenhower?)
(Linda: Who is Bradley?)

George Marshall

LindaMira
Triple Stumper
    $500 10
turmeric

Mira
    $500 15
O. Henry

Glenn

Scores at the first commercial break (after clue 15):

Linda Mira Glenn
$600 $1,600 $1,500

Scores at the end of the Jeopardy! Round:

Linda Mira Glenn
$700 $1,900 $3,900

Double Jeopardy! Round responses

VICE PRESIDENTS
THE ENVIRONMENT
HISTORIC PLACES
CHARLIE CHAPLIN
FAMOUS NAMES
HENRY IV, PART 2
(Alex: It seems as if we have used all of the popular Shakespeare plays.)
    $200 21
(Alex: ...and we have less than a minute to go.)

Spiro Agnew

Linda
    $200 15
Antarctica

Glenn
    $200 1
Greece

Mira
    $200 10
the Little Tramp

Glenn
    $200 2
[Alex reads "E." as "Elizabeth".]

John Moses Browning

Mira
    $200 26
[The end-of-round signal sounds.]
(Alex: Well maybe it's just as well. The way you three ignored that category, I thought, uh, it didn't exist.)

London

Mira
    $400 25
(Linda: Who is Goldwater?)

Nelson Rockefeller

LindaMira
    $400 16
the Amazon

Linda
    $400 7
Valley Forge

Linda
    $400 11
(Alex: The studio was the [*] studio, hence the [*] Cops.)

Keystone

Triple Stumper
    $400 3
Samuel Morse

Glenn
    $600 24
George Bush

Linda
    $600 17
radon

Linda
    $600 8
(Glenn: What is the [*]?)
(Alex: Pardon?)
(Glenn: [*].)

Masada

Glenn
    $600 12
The Kid

Mira
    $600 4
Richelieu

Glenn
    $800 22
(Linda: Who is Thomas Jefferson?)
(Mira: Who is John Adams?)

Aaron Burr

LindaMira
Triple Stumper
    $800 18
DDT

Glenn
    $800 9
(Linda: What is Monte Carlo?)
...
(Alex: Monte Carlo is the city, the capital.)

Monaco

LindaMira
    $800 13
United Artists

Glenn
    $800 5
Florence

Linda
    $1000 23
John Adams

Linda
    $1,500 19
(Alex: We've got to find those cows and stop them, I guess.)

methane

Glenn
    $1,500 20
(Glenn: [Shakes head] I don't know.)
(Alex: It was the assassination of Archduke Ferdinand, and it was at [*].)

Sarajevo

Glenn
    $1000 14
Paulette Goddard

Mira
    $1000 6
Germany

Triple Stumper

Scores at the end of the Double Jeopardy! Round:

Linda Mira Glenn
$2,700 $4,500 $7,500

[wagering suggestions for these scores]

Final Jeopardy! Round responses

WORLD GEOGRAPHY
LindaWhat is Greenland?
$2,600
MiraWhat is Kuala Lump
$4,500
GlennWhat is New Guinea
$1,501
Greenland

Final scores:

Linda Mira Glenn
$5,300 $0 $5,999
2nd place: Pacific Kinematics NextStep 2001 stair-climb exercise machine with 13" color TV + Fila sportswear + the Jeopardy! home game or the Jeopardy! Challenger 3rd place: Panasonic HP600 personal cellular phone with 90 minutes of continuous talk time + the Jeopardy! home game or the Jeopardy! Challenger New champion: $5,999

Game dynamics:

Coryat scores:

Linda Mira Glenn
$2,700 $4,300 $8,500
12 R,
4 W
15 R
(including 1 DD),
2 W
21 R
(including 1 DD),
1 W
(including 1 DD)

Combined Coryat: $15,500

[game clues] [game scores] [suggest correction]

Game tape date: 1991-09-24
The J! Archive is created by fans, for fans. Scraping, republication, monetization, and malicious use prohibited; this site may use cookies and collect identifying information. See terms. The Jeopardy! game show and all elements thereof, including but not limited to copyright and trademark thereto, are the property of Jeopardy Productions, Inc. and are protected under law. This website is not affiliated with, sponsored by, or operated by Jeopardy Productions, Inc. Join the discussion at JBoard.tv.